1967 steam charts (Record no. 20544)

000 -LEADER
fixed length control field 00500nam a22001931 4500
001 - CONTROL NUMBER
control field 20544
003 - CONTROL NUMBER IDENTIFIER
control field BD-DhUET
008 - FIXED-LENGTH DATA ELEMENTS--GENERAL INFORMATION
fixed length control field 700914s1968 nyua 000 0 eng
020 ## - INTERNATIONAL STANDARD BOOK NUMBER
International Standard Book Number 0713130458
040 ## - CATALOGING SOURCE
Original cataloging agency DLC
Transcribing agency DLC
Modifying agency BD-DhUET
082 ## - DEWEY DECIMAL CLASSIFICATION NUMBER
Classification number 621.101084
Item number ELE/1967
110 ## - MAIN ENTRY--CORPORATE NAME
Corporate name or jurisdiction name as entry element Electrical Research Association
245 10 - TITLE STATEMENT
Title 1967 steam charts
250 ## - EDITION STATEMENT
Edition statement 1st ed.
260 ## - PUBLICATION, DISTRIBUTION, ETC. (IMPRINT)
Place of publication, distribution, etc. London
Name of publisher, distributor, etc. Edward Arnold
Date of publication, distribution, etc. 1967
300 ## - PHYSICAL DESCRIPTION
Extent vii, 64 p. (chiefly illus., part col.)
Dimensions 31 cm.
650 #0 - SUBJECT ADDED ENTRY--TOPICAL TERM
Topical term or geographic name as entry element Steam
942 ## - ADDED ENTRY ELEMENTS (KOHA)
Koha item type Corporate Publication
Holdings
Koha date last seen Date acquired Koha full call number Shelving location Koha normalized classification for sorting Lost status Copy number Price effective from Damaged status Sublocation or collection (holding branch) Piece designation (barcode) Source of classification or shelving scheme Not for loan Koha item type Location (home branch) Withdrawn status
2015-04-122015-04-12621.101084/ELE/1967Circulation section621_101084000000000_ELE_1967 12015-04-12 Central Library, BUET18295  Corporate PublicationCentral Library, BUET 
2015-04-122015-04-12621.101084/ELE/1967Circulation section621_101084000000000_ELE_1967 22015-04-12 Central Library, BUET18293  Corporate PublicationCentral Library, BUET 
2015-04-122015-04-12621.101084/ELE/1967Circulation section621_101084000000000_ELE_1967 32015-04-12 Central Library, BUET13166  Corporate PublicationCentral Library, BUET 
2015-04-122015-04-12621.101084/ELE/1967Circulation section621_101084000000000_ELE_1967 42015-04-12 Central Library, BUET13162  Corporate PublicationCentral Library, BUET 
2015-04-122015-04-12621.101084/ELE/1967Circulation section621_101084000000000_ELE_1967 52015-04-12 Central Library, BUET18297  Corporate PublicationCentral Library, BUET 
2015-04-122015-04-12621.101084/ELE/1967Circulation section621_101084000000000_ELE_1967 62015-04-12 Central Library, BUET18296  Corporate PublicationCentral Library, BUET 
2015-04-122015-04-12621.101084/ELE/1967Circulation section621_101084000000000_ELE_1967 72015-04-12 Central Library, BUET18294  Corporate PublicationCentral Library, BUET 
2015-04-122015-04-12621.101084/ELE/1967Circulation section621_101084000000000_ELE_1967 82015-04-12 Central Library, BUET18300  Corporate PublicationCentral Library, BUET 
2015-04-122015-04-12621.101084/ELE/1967Circulation section621_101084000000000_ELE_1967 92015-04-12 Central Library, BUET13163  Corporate PublicationCentral Library, BUET 
2015-04-122015-04-12621.101084/ELE/1967Circulation section621_101084000000000_ELE_1967 102015-04-12 Central Library, BUET18299  Corporate PublicationCentral Library, BUET 
2015-04-122015-04-12621.101084/ELE/1967Circulation section621_101084000000000_ELE_1967 112015-04-12 Central Library, BUET13165  Corporate PublicationCentral Library, BUET 
2015-04-122015-04-12621.101084/ELE/1967Circulation section621_101084000000000_ELE_1967 122015-04-12 Central Library, BUET18302  Corporate PublicationCentral Library, BUET 
2015-04-122015-04-12621.101084/ELE/1967Circulation section621_101084000000000_ELE_1967 132015-04-12 Central Library, BUET18301  Corporate PublicationCentral Library, BUET